Statistics for Biggest Cities in France - Extreme

Click here to take the quiz!

General Stats

  • This quiz has been taken 884 times
    (876 since last reset)
  • The average score is 44 of 101

Answer Stats

PopulationCity% Correct
2,190,327Paris
100%
515,695Lyon
97%
862,211Marseille
97%
342,637Nice
96%
252,040Bordeaux
94%
475,438Toulouse
92%
279,284Strasbourg
91%
232,440Lille
89%
306,694Nantes
89%
281,613Montpellier
84%
155,090Dijon
81%
216,268Rennes
81%
158,180Grenoble
79%
170,352Le Havre
79%
139,342Brest
78%
183,113Reims
75%
73,798Cannes
74%
74,978Calais
73%
110,117Rouen
72%
169,634Toulon
72%
104,592Nancy
70%
171,924Saint-Étienne
70%
92,378Avignon
69%
114,782Orléans
69%
105,403Caen
68%
136,565Tours
67%
117,890Metz
66%
161,001Nîmes
65%
111,354Saint-Denis
64%
142,686Clermont-Ferrand
63%
85,346Versailles
62%
132,660Limoges
61%
121,875Perpignan
61%
133,755Amiens
60%
151,229Angers
58%
88,108Dunkirk
58%
142,991Le Mans
57%
143,006Aix-en-Provence
55%
75,736La Rochelle
54%
108,999Mulhouse
52%
77,251Pau
50%
116,466Besançon
48%
69,075Ajaccio
46%
87,961Poitiers
46%
63,405Quimper
46%
126,419Annecy
44%
119,645Boulogne-Billancourt
44%
69,899Colmar
42%
60,640Troyes
42%
149,019Villeurbanne
40%
65,555Bourges
36%
96,412Roubaix
36%
59,183Chambéry
35%
62,477Valence
35%
76,493Béziers
33%
94,258Nanterre
33%
57,274Lorient
32%
80,076Cherbourg-en-
Cotentin
31%
60,580Cayenne
30%
98,392Créteil
30%
59,005Niort
28%
74,875Antibes
27%
81,017Fort-de-France
27%
108,402Montreuil
25%
69,719Saint-Nazaire
25%
110,468Argenteuil
24%
56,020Beauvais
24%
97,476Tourcoing
24%
60,580Neuilly-sur-Seine
22%
63,820Cergy
20%
60,444Montauban
20%
60,771Ivry-sur-Seine
19%
84,169Saint-Pierre
19%
55,772Hyéres
18%
105,483Saint-Paul
18%
68,090Évry-
Courcouronnes
16%
99,926Nouméa
16%
92,755Vitry-sur-Seine
16%
86,061Aubervilliers
15%
68,395Issy-les-
Moulineaux
15%
74,893Saint-Maur-
des-Fossés
14%
62,210Antony
13%
60,819Clichy
13%
85,368Colombes
13%
70,269Drancy
13%
66,659Noisy-le-Grand
13%
62,358Villeneuve-d'Ascq
13%
64,620La Seyne-sur-Mer
12%
77,283Le Tampon
12%
70,317Mérignac
12%
61,859Pessac
12%
84,662Aulnay-sous-Bois
11%
85,973Asniéres-sur-Seine
10%
65,405Vénissieux
10%
77,409Champigny-sur-
Marne
9%
81,720Courbevoie
9%
63,462Levallois-Perret
9%
57,781Sarcelles
9%
78,195Rueil-Malmaison
8%
71,437Mamoudzou
7%
55,987Le Blanc-Masnil
4%

Score Distribution

Percentile by Number Answered

Percent of People with Each Score

Your Score History

You have not taken this quiz since the last reset